| 000 | 00653nam a2200205 a 4500 | ||
|---|---|---|---|
| 003 | BD-DhJNU | ||
| 005 | 20250101045848.0 | ||
| 008 | 000623s2001 txuab b 001 0 eng | ||
| 020 | _a0155080644 | ||
| 040 |
_aBD-DhJNU _bENG _cBD-DhJNU _dBD-DhJNU |
||
| 082 | 0 | 0 |
_a155.9 ENV _223 |
| 245 | 0 | 0 |
_aEnvironmental psychology / _cPaul A. Bell ... [et al.]. |
| 250 | _a5th ed. | ||
| 260 |
_aFort Worth, TX : _bHarcourt College Publishers, _cc2001. |
||
| 300 |
_axvii, 634 p. : _bill., maps ; _c24 cm. |
||
| 504 | _aIncludes bibliographical references (p. [515]-595) and indexes. | ||
| 650 | 0 | _aEnvironmental psychology. | |
| 700 | 1 | _aBell, Paul A. | |
| 942 | _cBK | ||
| 999 |
_c1032 _d1032 |
||